000
00344nam a2200145Ia 4500
008
150201s2012 xx 000 0 und d
082
_a
610.7368
_b
P12T
100
_a
THRESIA, M.T.
245
_a
PSYCHIATRY AND MANTAL HEALTH NURSING
250
_a
1ST
260
_b
CBS
_a
DELHI
_c
2012
300
_a
290
650
_a
PSYCHIATRY
942
_2
ddc
_c
BK
999
_c
2291
_d
2291